| 000 | 01021nam0a22002411 4500 | ||
|---|---|---|---|
| 001 | rc\3336872 | ||
| 005 | 20250609181717.0 | ||
| 035 | _a(NLR Aleph) 007428650 | ||
| 090 |
_a6991912 _c6991912 |
||
| 100 | _a20130115d1971 |||y0rusy50 ca | ||
| 101 | 0 | _arus | |
| 102 | _aRU | ||
| 105 | _ay z ||||| | ||
| 200 | 1 |
_aЭксплуатационные вопросы хладотранспорта _eУчеб.-метод. пособие _fЛенингр. ин-т инженеров ж.-д. транспорта им. акад. В.Н. Образцова. Фак. повышения квалификации руководящих и инж.-техн. работников ж.-д. транспорта |
|
| 210 |
_aЛенинград _cБ. и. _d1971 |
||
| 215 |
_a26 с. _cграф. _d20 |
||
| 320 | _aБиблиогр.: с. 24-25 | ||
| 700 | 1 |
_aТертеров _bМ.Н. _f1926- _gМихаил Николаевич |
|
| 801 | 0 |
_aRU _bNLR _gpsbo |
|
| 801 | 1 |
_aRU _bELAR _2rusmarc |
|
| 852 |
_aNLR _j72-4/21820 |
||
| 942 | _cBOOK | ||
| 980 | _aNB | ||